000 00280nam a22001337a 4500
008 170718b xxu||||| |||| 00| 0 eng d
020 _a9780664253028
041 _aeng
080 _a2
100 _a24
101 _aTEO
245 _aISLAM AND WAR
_cKELSAY, J
942 _2udc
_cBK
999 _c21489
_d21489